Central Library and Information Centre
Sibsagar Girls' College, Sivasagar : Assam

DYNAMICS (Record no. 29231)

MARC details
000 -LEADER
fixed length control field 00471cam a2200217ua 4500
001 - CONTROL NUMBER
control field 6756
003 - CONTROL NUMBER IDENTIFIER
control field OSt
005 - DATE AND TIME OF LATEST TRANSACTION
control field 20230508101432.0
008 - FIXED-LENGTH DATA ELEMENTS--GENERAL INFORMATION
fixed length control field 120119n1992 II |||gr||||Z||||||eng
040 ## - CATALOGING SOURCE
Original cataloging agency MAIN
Transcribing agency
041 ## - LANGUAGE CODE
Language code of text/sound track or separate title English
082 ## - DEWEY DECIMAL CLASSIFICATION NUMBER
Classification number 531.3 RAS
100 ## - MAIN ENTRY--PERSONAL NAME
Personal name RASEY, P.W.
245 ## - TITLE STATEMENT
Title DYNAMICS
250 ## - EDITION STATEMENT
Edition statement REP
260 ## - PUBLICATION, DISTRIBUTION, ETC.
Place of publication, distribution, etc. NEW DELHI
Name of publisher, distributor, etc. SARUP & SONS
Date of publication, distribution, etc. 2013
300 ## - PHYSICAL DESCRIPTION
Extent 258:
Dimensions 22CM.
653 ## - INDEX TERM--UNCONTROLLED
Uncontrolled term Dynamics
700 ## - ADDED ENTRY--PERSONAL NAME
Personal name MUKHERJEE, B. N.
942 ## - ADDED ENTRY ELEMENTS (KOHA)
Koha item type Books
Source of classification or shelving scheme Dewey Decimal Classification
Holdings
Withdrawn status Lost status Source of classification or shelving scheme Damaged status Not for loan Collection code Home library Current library Shelving location Date acquired Full call number Barcode Date last seen Price effective from Koha item type Public note
    Dewey Decimal Classification     TBMAT Central Library and Information Centre Sibsagar Girls College Central Library and Information Centre Sibsagar Girls College MATHEMATICS BOOK RACK 28.08.2017 531.3 RAS 40538 08.05.2023 08.05.2023 Books V
    Dewey Decimal Classification     TBMAT Central Library and Information Centre Sibsagar Girls College Central Library and Information Centre Sibsagar Girls College MATHEMATICS BOOK RACK 28.08.2017 531.3 RAS 40539 08.05.2023 08.05.2023 Books V


Sibsagar Girl's College © 2020. All rights reserved.
Powered by Koha.
Maintained by Abhijit Borpuzari.